The Semantic Complexity of Hausa Kinship Terms

Hauština je najdôležitejší čadský jazyk semitsko-hamitskej jazykovej rodiny, druhý najrožšírenejší jazyk medzinárodný dorozumievací prostriedok subsaharskej Afriky. Cieľom tejto štúdie je analyzovať absolútnu sémantickú zložitosť príbuzenských termínov v Hausa, t. j. zmerať množstvo sémantickej info...

Descrizione completa

Salvato in:
Dettagli Bibliografici
Autore principale: Batic, Gian Claudio
Natura: Capitolo di libro
Lingua:inglese
Soggetti:
Tags: Aggiungi Tag
Nessun Tag, puoi essere il primo ad aggiungerne!!

MARC

LEADER 00000naa a2200000 4500
001 0299654
005 20240417075307.5
041 0 |a eng 
044 |a PL 
245 1 0 |a The Semantic Complexity of Hausa Kinship Terms  |c Gian Claudio Batic 
520 |a Hauština je najdôležitejší čadský jazyk semitsko-hamitskej jazykovej rodiny, druhý najrožšírenejší jazyk medzinárodný dorozumievací prostriedok subsaharskej Afriky. Cieľom tejto štúdie je analyzovať absolútnu sémantickú zložitosť príbuzenských termínov v Hausa, t. j. zmerať množstvo sémantickej informácie jednotlivých príbuzenských termínov. Každý príbuzenský pojem je definovaný súborom dostatočných a nevyhnutných podmienok (t. j. vlastností a vzťahov) odvodených od konštrukcie genealogického „priestoru“. 
610 2 0 |a jazykoveda 
610 2 0 |a gramatika 
610 2 0 |a regióny 
610 2 0 |a Afrika 
100 1 |a Batic, Gian Claudio